000 01040nam a2200301 i 4500
001 13791
003 KOSZ 005
005 20191026113511.0
008 071027s1971 pl a f |000 0 pol
015 _aPB 1971/7310
040 _aWA N
_cWA N
_dKOSZ 005/KK
080 _a389.6
100 1 _aOrdon, Jerzy
_d(?-2002).
_eAutor.
245 1 0 _aPodstawy normalizacji /
_cJerzy Ordon.
250 _aWydanie 2 poprawione i uzupełnione
260 _aWarszawa :
_bWydawnictwa Normalizacyjne,
_c1971.
300 _a206, [1] stron :
_bilustracje ;
_c23 cm.
336 _aTekst
_btxt
_2rdacontent
337 _aBez urządzenia pośredniczacego
_bn
_2rdamedia
338 _aWolumin
_bnc
_2rdacarrier
380 _aKsiążki.
504 _aBibliografia na stronie [207].
655 4 _aPodręczniki akademickie
650 4 _aNormalizacja
710 _aWydawnictwa Normalizacyjne
_4pbl.
856 _uhttp://koha.tu.koszalin.pl/cgi-bin/koha/opac-detail.pl?biblionumber=13791
_yKatalog online BPK
942 _2UKD
_cKS
999 _c13791
_d13791